[Event "Martinique-ch 31th"]
[Site "Madiana"]
[Date "2015.05.16"]
[Round "6"]
[White "Nardol, Fred"]
[Black "Lafortune, Emerick"]
[Result "1-0"]
[WhiteElo "1884"]
[BlackElo "2032"]
[PlyCount "95"]
[EventDate "2015.05.16"]
[EventType "tourn"]
[EventRounds "11"]
[EventCountry "FRA"]
[SourceTitle "EXT 2016"]
[Source "ChessBase"]
[SourceDate "2015.10.08"]
[SourceVersion "1"]
[SourceVersionDate "2015.10.08"]
[SourceQuality "1"]

1. Nf3 d5 2. b3 Nf6 3. Bb2 g6 4. g3 Bg7 5. Bg2 0-0 6. 0-0 c5 7. d4 Nbd7 8. Nbd2 b6 9. c4 Bb7 10. cxd5 Bxd5 11. Nc4 Qc7 12. Rc1 Qb7 13. dxc5 Nxc5 14. Bd4 Nce4 15. Ne3 Rfd8 16. Nxd5 Qxd5 17. Qc2 Qf5 18. Nh4 Qe6 19. Bxf6 Nxf6 20. Bxa8 Rxa8 21. Qc6 Qxc6 22. Rxc6 Nd5 23. Rfc1 Bf6 24. Rc8+ Rxc8 25. Rxc8+ Kg7 26. Nf3 Nc3 27. Kf1 Nxa2 28. Rc7 a6 29. Rc6 b5 30. Rxa6 Nc1 31. Rb6 Nxb3 32. Rxb5 Nd4 33. Nxd4 Bxd4 34. e3 Bf6 35. g4 g5 36. Kg2 h6 37. Kg3 e5 38. Kf3 Kg6 39. Rb6 Kg7 40. Ke4 Bd8 41. Rb7 Kf6 42. Rd7 Ba5 43. Rd6+ Kg7 44. Rc6 f6 45. Kf5 Bd8 46. Rd6 Be7 47. Rd7 Kf7 48. Rb7 1-0

[Event "Martinique-ch 29th"]
[Site "Fort de France"]
[Date "2013.05.21"]
[Round "8"]
[White "Montabord, Manuel"]
[Black "Nardol, Fred"]
[Result "1-0"]
[WhiteElo "2052"]
[BlackElo "1894"]
[PlyCount "135"]
[EventDate "2013.05.18"]
[EventType "tourn"]
[EventRounds "11"]
[EventCountry "MFR"]
[SourceTitle "EXT 2014"]
[Source "ChessBase"]
[SourceDate "2013.11.20"]
[SourceVersion "1"]
[SourceVersionDate "2013.11.20"]
[SourceQuality "1"]

1. e4 d6 2. d4 Nf6 3. Nc3 g6 4. Be2 Bg7 5. h4 h5 6. Bg5 c6 7. Nf3 Qa5 8. Qd2 b5 9. Bd3 Nbd7 10. 0-0 a6 11. Rad1 0-0 12. Bh6 b4 13. Bxg7 Kxg7 14. Ne2 Rb8 15. b3 Qc7 16. Qg5 e5 17. Ng3 Rh8 18. dxe5 dxe5 19. Bc4 Nc5 20. Qxe5 Qxe5 21. Nxe5 Be6 22. Bxe6 Nxe6 23. Nxc6 Rb6 24. Na5 Nc7 25. Nc4 Re6 26. f3 Nb5 27. Rd3 Ra8 28. Ne2 a5 29. e5 Ng8 30. Rd5 Nc7 31. Rd7 Na6 32. Nf4 Re7 33. Rfd1 Nc5 34. R7d5 Rc7 35. R1d4 Ne7 36. Rd6 Nf5 37. Rd8 Nxd4 38. Rxa8 a4 39. Nd5 Rc6 40. Nxb4 axb3 41. cxb3 Re6 42. Ra5 Nb7 43. Ra7 Nc5 44. Kf2 Nf5 45. g3 g5 46. hxg5 Kg6 47. Rc7 Na6 48. Nxa6 Rxa6 49. a4 h4 50. gxh4 Nxh4 51. Rb7 Ra8 52. f4 Rc8 53. Rxf7 Rb8 54. Rf6+ Kg7 55. Rb6 Rc8 56. a5 Nf5 57. a6 Ra8 58. Rb7+ Kg6 59. a7 Rh8 60. Rb8 Rh2+ 61. Kf3 Rh3+ 62. Ke4 Ng3+ 63. Kd5 Nh5 64. a8Q Nxf4+ 65. Kc6 Kxg5 66. Rf8 Rxb3 67. Qd8+ Kg4 68. Qd1+ 1-0

[Event "Martinique-ch 29th"]
[Site "Fort de France"]
[Date "2013.05.18"]
[Round "3"]
[White "Midonet, Matthieu"]
[Black "Nardol, Fred"]
[Result "1-0"]
[WhiteElo "2138"]
[BlackElo "1894"]
[PlyCount "89"]
[EventDate "2013.05.18"]
[EventType "tourn"]
[EventRounds "11"]
[EventCountry "MFR"]
[SourceTitle "EXT 2014"]
[Source "ChessBase"]
[SourceDate "2013.11.20"]
[SourceVersion "1"]
[SourceVersionDate "2013.11.20"]
[SourceQuality "1"]

1. e4 e6 2. d4 d5 3. e5 c5 4. Qg4 cxd4 5. Nf3 Qa5+ 6. Nbd2 Nh6 7. Qf4 Nc6 8. Bd3 Nb4 9. 0-0 a6 10. Nxd4 Nxd3 11. cxd3 Bd7 12. N2f3 Be7 13. Qg3 Bf8 14. a3 g6 15. b4 Qb6 16. Be3 Qd8 17. Bg5 Qb6 18. Bf6 Rg8 19. Rac1 Nf5 20. Nxf5 exf5 21. Rc2 Be7 22. Bxe7 Kxe7 23. Qh4+ g5 24. Nxg5 Qg6 25. Nxh7+ Ke6 26. Qf6+ Qxf6 27. Nxf6 Ba4 28. Rc7 d4 29. Nxg8 Rxg8 30. Rxb7 Bb5 31. Rb6+ Kxe5 32. Re1+ Kd5 33. Rd1 Rc8 34. h4 Rh8 35. g3 f4 36. h5 Rxh5 37. Rc1 Bxd3 38. Rc5+ Ke4 39. Rxh5 fxg3 40. fxg3 Be2 41. Rh4+ Ke3 42. Rd6 d3 43. Rhd4 f5 44. a4 Kf3 45. Kh2 1-0

[Event "Schoelcher Martinique op"]
[Site "Schoelcher "]
[Date "2013.04.07"]
[Round "9"]
[White "Nardol, Fred"]
[Black "Marceline, Philippe"]
[Result "1/2-1/2"]
[WhiteElo "1844"]
[BlackElo "1983"]
[PlyCount "29"]
[EventDate "2013.04.03"]
[EventType "swiss"]
[EventRounds "9"]
[EventCountry "MFR"]
[SourceTitle "CBM 153 Extra"]
[Source "ChessBase"]
[SourceDate "2013.04.22"]
[SourceVersion "1"]
[SourceVersionDate "2013.04.22"]
[SourceQuality "1"]

1. e4 e5 2. Nf3 Nc6 3. Bb5 a6 4. Ba4 Nf6 5. 0-0 Be7 6. Re1 b5 7. Bb3 d6 8. h3 0-0 9. c3 Bb7 10. d4 Re8 11. Ng5 Rf8 12. Nf3 Re8 13. Ng5 Rf8 14. Nf3 Re8 15. Ng5 1/2-1/2

[Event "Schoelcher Martinique op"]
[Site "Schoelcher "]
[Date "2013.04.04"]
[Round "3"]
[White "Tin, Romain"]
[Black "Nardol, Fred"]
[Result "0-1"]
[WhiteElo "1430"]
[BlackElo "1844"]
[PlyCount "76"]
[EventDate "2013.04.03"]
[EventType "swiss"]
[EventRounds "9"]
[EventCountry "MFR"]
[SourceTitle "CBM 153 Extra"]
[Source "ChessBase"]
[SourceDate "2013.04.22"]
[SourceVersion "1"]
[SourceVersionDate "2013.04.22"]
[SourceQuality "1"]

1. d4 Nf6 2. c4 e6 3. Nc3 Bb4 4. Bf4 0-0 5. Nf3 b6 6. Qb3 Bxc3+ 7. Qxc3 Ne4 8. Qc2 Bb7 9. Nd2 f5 10. f3 Nf6 11. 0-0-0 d6 12. Bg3 d5 13. e3 Na6 14. a3 c5 15. Kb1 cxd4 16. exd4 Rc8 17. Qb3 Kh8 18. Bd3 dxc4 19. Nxc4 Bd5 20. Qa4 b5 21. Qxb5 Nc7 22. Qa5 Nfe8 23. Rc1 f4 24. Bf2 Rb8 25. Qc3 Nb5 26. Qb4 Nec7 27. Ka1 Nxd4 28. Qd6 Nb3+ 29. Kb1 Bxc4 30. Qxd8 Rfxd8 31. Rxc4 Nd2+ 32. Ka2 Nxc4 33. Bxc4 Rd2 34. Bxa7 Rbxb2+ 35. Ka1 Nb5 36. Bc5 Nc3 37. Rc1 Ra2+ 38. Bxa2 Rxa2# 0-1